[Event "TCh-FRA Top 16 Gp A"]
[Site "Marseille FRA"]
[Date "2008.03.23"]
[Round "2"]
[White "Kempinski, R."]
[Black "Timman, J."]
[Result "1/2-1/2"]
[WhiteElo "2590"]
[BlackElo "2561"]
[PlyCount "39"]
[EventDate "2008.03.22"]
[SourceDate "1999.07.01"]

1. d4 Nf6 2. c4 e6 3. Nf3 b6 4. g3 Ba6 5. Nbd2 Bb4 6. Qc2 Bb7 7. Bg2 Be4 8. Qd1
O-O 9. O-O Bxd2 10. Qxd2 d5 11. b3 dxc4 12. Ba3 Re8 13. bxc4 Nbd7 14. Qe3 Qc8
15. Rfd1 c5 16. dxc5 Nxc5 17. Bb2 e5 18. Rd6 Ng4 19. Qa3 f6 20. Rd2 1/2-1/2

[Event "12th Neckar Open A"]
[Site "Deizisau GER"]
[Date "2008.03.24"]
[Round "8"]
[White "Erdos, V."]
[Black "Fedorchuk, S."]
[Result "1/2-1/2"]
[WhiteElo "2575"]
[BlackElo "2652"]
[PlyCount "25"]
[EventDate "2008.03.20"]
[SourceDate "1999.07.01"]

1. d4 Nf6 2. c4 e6 3. Nf3 b6 4. Nc3 Bb7 5. a3 d5 6. cxd5 Nxd5 7. Qc2 Nxc3 8.
bxc3 Be7 9. e4 O-O 10. Bd3 c5 11. O-O Qc7 12. Qe2 Nd7 13. Bb2 1/2-1/2

[Event "TCh-AUT 1st Bundesliga 2007-8"]
[Site "Graz AUT"]
[Date "2008.03.13"]
[Round "8"]
[White "Ftacnik, L."]
[Black "Miroshnichenko, E."]
[Result "1-0"]
[WhiteElo "2542"]
[BlackElo "2647"]
[PlyCount "73"]
[EventDate "2008.03.14"]
[SourceDate "1999.07.01"]

1. d4 Nf6 2. Nf3 e6 3. c4 b6 4. g3 Ba6 5. b3 Bb4+ 6. Bd2 Be7 7. Bg2 c6 8. Bc3
d5 9. Ne5 Nfd7 10. Nxd7 Nxd7 11. Nd2 O-O 12. e4 b5 13. c5 b4 14. Bxb4 e5 15.
Bf1 Bxf1 16. Kxf1 exd4 17. exd5 cxd5 18. Rc1 Rb8 19. a3 Rc8 20. Nf3 a5 21. Be1
Bxc5 22. Kg2 Nf6 23. b4 Ba7 24. Rxc8 Qxc8 25. bxa5 Qf5 26. Bb4 Rc8 27. Re1 Rc2
28. Re7 h5 29. Rxa7 h4 30. Bd2 h3+ 31. Kg1 d3 32. Re7 Qg4 33. Re3 Ne4 34. Qe1
d4 35. Rxd3 Nc5 36. Qe8+ Kh7 37. Ng5+ 1-0

[Event "TCh-AUT 1st Bundesliga 2007-8"]
[Site "Graz AUT"]
[Date "2008.03.13"]
[Round "8"]
[White "Beliavsky, A."]
[Black "Rotstein, A."]
[Result "1-0"]
[WhiteElo "2638"]
[BlackElo "2548"]
[PlyCount "93"]
[EventDate "2008.03.14"]
[SourceDate "1999.07.01"]

1. d4 Nf6 2. c4 e6 3. Nf3 b6 4. g3 Ba6 5. Qc2 Bb7 6. Bg2 c5 7. d5 exd5 8. cxd5
Nxd5 9. O-O Be7 10. Rd1 Nb4 11. Qf5 g6 12. Qf4 O-O 13. Nc3 Bf6 14. a3 Nc2 15.
Rb1 Nxa3 16. Ne4 Bxe4 17. Qxe4 Nxb1 18. Qxa8 Nc6 19. Qxd8 Rxd8 20. Bg5 Bxg5 21.
Nxg5 Nd4 22. Bf1 h6 23. e3 Nb3 24. Nf3 d5 25. Rxb1 Kf8 26. Rd1 Ke7 27. Ne5 Ke6
28. f4 Rd6 29. e4 Na5 30. exd5+ Rxd5 31. Re1 Kf6 32. Ng4+ Kg7 33. Re7 Nc6 34.
Rc7 h5 35. Ne3 Rd6 36. Bc4 Nd8 37. Rxa7 Rd2 38. b3 h4 39. gxh4 Rd4 40. f5 Re4
41. Kf2 gxf5 42. Rd7 Ne6 43. Nxf5+ Kg6 44. Bd3 Rf4+ 45. Kg3 Rb4 46. Ne3+ Kg7
47. Bc4 1-0

[Event "TCh-AUT 1st Bundesliga 2007-8"]
[Site "Graz AUT"]
[Date "2008.03.15"]
[Round "10"]
[White "Beliavsky, A."]
[Black "Socko, B."]
[Result "0-1"]
[WhiteElo "2638"]
[BlackElo "2635"]
[PlyCount "86"]
[EventDate "2008.03.14"]
[SourceDate "1999.07.01"]

1. d4 Nf6 2. c4 e6 3. Nf3 b6 4. g3 Ba6 5. Qc2 Bb4+ 6. Bd2 Be7 7. Bg2 O-O 8. O-O
d5 9. Ne5 c6 10. Bf4 Nh5 11. Be3 f6 12. Nf3 g5 13. cxd5 cxd5 14. Nc3 Bb7 15.
Ne1 Nc6 16. Rd1 f5 17. Bh3 Ng7 18. f3 Qe8 19. Bf2 Qh5 20. Bg2 f4 21. g4 Qf7 22.
Qd2 Rac8 23. Nc2 Na5 24. b3 Ba6 25. Rc1 Rc6 26. Na4 Rfc8 27. Rfe1 Bf8 28. Nc5
bxc5 29. Qxa5 cxd4 30. Rcd1 Rxc2 31. Qxa6 e5 32. h4 R8c6 33. Qa5 h6 34. b4 Ne8
35. hxg5 hxg5 36. a3 Nd6 37. Bxd4 exd4 38. Rxd4 Nc4 39. Qd8 Rg6 40. Rxd5 Qe7
41. Qxe7 Bxe7 42. Rd7 Bf6 43. Red1 Ne3 0-1

[Event "ch-SRB"]
[Site "Mataruska Banja SRB"]
[Date "2008.03.23"]
[Round "8"]
[White "Damljanovic, B."]
[Black "Kovacevic, A."]
[Result "1-0"]
[WhiteElo "2582"]
[BlackElo "2575"]
[PlyCount "65"]
[EventDate "2008.03.15"]
[SourceDate "1999.07.01"]

1. d4 Nf6 2. c4 e6 3. Nf3 b6 4. g3 Ba6 5. b3 Bb4+ 6. Bd2 Bxd2+ 7. Qxd2 c6 8.
Nc3 d5 9. Bg2 O-O 10. Ne5 Nfd7 11. f4 Nxe5 12. fxe5 Nd7 13. cxd5 cxd5 14. O-O
Rc8 15. Rfc1 f6 16. Bh3 Qe7 17. e4 fxe5 18. exd5 exd5 19. Nxd5 Qd6 20. Bg2 exd4
21. Qxd4 Kh8 22. Rxc8 Bxc8 23. Re1 Nf6 24. Qe5 Qxe5 25. Rxe5 Re8 26. Rxe8+ Nxe8
27. Ne7 Be6 28. Kf2 g5 29. Ke3 Kg7 30. Kd4 Nc7 31. Ke5 Bf7 32. Bf1 a5 33. Kd6
1-0

[Event "72nd ch-BUL"]
[Site "Plovdiv BUL"]
[Date "2008.03.23"]
[Round "12"]
[White "Rusev, K."]
[Black "Nikolov, M."]
[Result "1/2-1/2"]
[WhiteElo "2521"]
[BlackElo "2500"]
[PlyCount "50"]
[EventDate "2008.03.14"]
[SourceDate "1999.07.01"]

1. d4 Nf6 2. c4 e6 3. Nf3 b6 4. g3 Ba6 5. b3 Bb4+ 6. Bd2 Be7 7. Bg2 d5 8. O-O
O-O 9. Ne5 Bb7 10. Nc3 Nbd7 11. Bf4 c5 12. Rc1 Rc8 13. cxd5 Nxd5 14. dxc5 Nxc3
15. Rxc3 Bxg2 16. Kxg2 Nxe5 17. Bxe5 Rxc5 18. Rxc5 Bxc5 19. e3 Qa8+ 20. Qf3
Qxf3+ 21. Kxf3 Rd8 22. Ke2 f6 23. Bc3 Kf7 24. Rd1 Rxd1 25. Kxd1 b5 1/2-1/2

[Event "Isbank Ataturk Women's Masters"]
[Site "Istanbul TUR"]
[Date "2008.03.13"]
[Round "3"]
[White "Cramling, P."]
[Black "Hou Yifan"]
[Result "1/2-1/2"]
[WhiteElo "2524"]
[BlackElo "2527"]
[PlyCount "88"]
[EventDate "2008.03.11"]
[SourceDate "1999.07.01"]

1. d4 Nf6 2. Nf3 e6 3. c4 b6 4. Nc3 Bb7 5. a3 d5 6. Bg5 Be7 7. Bxf6 Bxf6 8.
cxd5 exd5 9. g3 O-O 10. Bg2 c5 11. O-O Na6 12. e3 Nc7 13. Rc1 Qe7 14. Qd2 Rfd8
15. Rfe1 Rac8 16. h4 g6 17. Rcd1 Ne6 18. Qc1 Bg7 19. Qb1 Qf8 20. Qa2 Ba8 21.
Ng5 Nxg5 22. hxg5 Qe7 23. f4 cxd4 24. exd4 Bxd4+ 25. Kh1 Qc5 26. Na4 Qa5 27. b4
Qxa4 28. Rxd4 Rc2 29. Qb1 Rc3 30. Qb2 Rc2 31. b5 Rxb2 32. Rxa4 Rxb5 33. Rxa7
Ra5 34. Rxa5 bxa5 35. Kg1 Kg7 36. Re7 a4 37. Rc7 Rb8 38. Ra7 Bc6 39. Rc7 Rb1+
40. Kf2 Rb2+ 41. Kg1 Bb7 42. Bf3 Rb3 43. Kf2 Rb2+ 44. Kg1 Rb3 1/2-1/2

[Event "Bundesliga 2007-8"]
[Site "Muelheim GER"]
[Date "2008.03.09"]
[Round "11"]
[White "Goloshchapov, A."]
[Black "Chuchelov, V."]
[Result "1-0"]
[WhiteElo "2563"]
[BlackElo "2551"]
[PlyCount "51"]
[EventDate "2008.02.09"]
[SourceDate "1999.07.01"]

1. d4 Nf6 2. c4 e6 3. Nf3 b6 4. g3 Ba6 5. Qa4 Bb7 6. Bg2 c5 7. dxc5 bxc5 8. O-O
Be7 9. Nc3 O-O 10. Rd1 Qb6 11. Bf4 Rd8 12. Rd2 d6 13. Rad1 Nc6 14. Bxd6 Bxd6
15. Rxd6 Qxb2 16. Qb5 Qxb5 17. cxb5 Rxd6 18. Rxd6 Nb4 19. Ne5 Bxg2 20. Kxg2 Kf8
21. e4 a6 22. b6 Rb8 23. a3 Nc2 24. Na4 Nxe4 25. Rd7 Nd4 26. Rxd4 1-0

[Event "Bundesliga 2007-8"]
[Site "Hamburg GER"]
[Date "2008.03.09"]
[Round "11"]
[White "Gustafsson, J."]
[Black "Eljanov, P."]
[Result "1/2-1/2"]
[WhiteElo "2607"]
[BlackElo "2692"]
[PlyCount "37"]
[EventDate "2008.02.09"]
[SourceDate "1999.07.01"]

1. d4 Nf6 2. c4 e6 3. Nf3 b6 4. g3 Ba6 5. Qb3 Nc6 6. Nbd2 Na5 7. Qc3 c5 8. dxc5
bxc5 9. e4 Bb7 10. e5 Ne4 11. Nxe4 Bxe4 12. Bg2 Nc6 13. O-O Rb8 14. Re1 Bxf3
15. Qxf3 Nd4 16. Qd3 Be7 17. Rb1 a5 18. Bd2 Qb6 19. Be4 1/2-1/2

[Event "Match of Champions"]
[Site "Kharkiv UKR"]
[Date "2008.03.05"]
[Round "1"]
[White "Beliavsky, A."]
[Black "Brodsky, M."]
[Result "1-0"]
[WhiteElo "2638"]
[BlackElo "2572"]
[PlyCount "75"]
[EventDate "2008.03.05"]
[SourceDate "1999.07.01"]

1. d4 Nf6 2. c4 e6 3. Nf3 b6 4. g3 Bb7 5. Bg2 Be7 6. O-O O-O 7. Re1 Na6 8. Ne5
d5 9. cxd5 exd5 10. b3 c5 11. Bb2 Nc7 12. Nd2 Rb8 13. dxc5 Bxc5 14. Nd3 Bd6 15.
Nf3 Ne6 16. Nd4 Nxd4 17. Bxd4 Re8 18. Rc1 Qe7 19. e3 Rbc8 20. Rxc8 Rxc8 21. Qa1
Ne8 22. a4 Qd7 23. Rd1 f6 24. a5 Qb5 25. axb6 axb6 26. Qa4 Qxa4 27. bxa4 Rc4
28. Ra1 Bc7 29. Nf4 Kf8 30. Bf3 Ba6 31. Rb1 Rc6 32. a5 b5 33. h4 Ke7 34. h5 Rc2
35. Kg2 g5 36. Be5 Ra2 37. Bc3 d4 38. Bb4+ 1-0

[Event "TCh-BEL 2007-8"]
[Site "Belgium BEL"]
[Date "2008.03.02"]
[Round "10"]
[White "Fridman, D2."]
[Black "Chuchelov, V."]
[Result "1-0"]
[WhiteElo "2627"]
[BlackElo "2551"]
[PlyCount "85"]
[EventDate "2008.01.06"]
[SourceDate "1999.07.01"]

1. d4 Nf6 2. c4 e6 3. Nf3 b6 4. g3 Ba6 5. b3 d5 6. Bg2 Bb4+ 7. Bd2 Be7 8. cxd5
exd5 9. O-O O-O 10. Nc3 Bb7 11. Bg5 Nbd7 12. Ne5 h6 13. Bf4 Re8 14. Rc1 Nf8 15.
Bh3 Ba3 16. Rc2 a6 17. Nb1 Bd6 18. Nc6 Bxc6 19. Rxc6 Bxf4 20. gxf4 Ng6 21. e3
Ne7 22. Rc2 Qd6 23. Nd2 g5 24. fxg5 hxg5 25. Kh1 Kh8 26. Qf3 c6 27. Bf5 Nfg8
28. Qh5+ Qh6 29. Qxh6+ Nxh6 30. Bd7 Red8 31. Bxc6 Rac8 32. Rfc1 Rc7 33. b4 b5
34. Rc5 Ng4 35. Kg1 Rd6 36. Bxb5 Rxc5 37. bxc5 Rf6 38. Bd7 Nxf2 39. c6 g4 40.
c7 Nh3+ 41. Kh1 Nf2+ 42. Kg2 Nd3 43. Rf1 1-0

[Event "XXV SuperGM"]
[Site "Morelia/Linares MEX/ESP"]
[Date "2008.02.29"]
[Round "9"]
[White "Aronian, L."]
[Black "Anand, V."]
[Result "1/2-1/2"]
[WhiteElo "2739"]
[BlackElo "2799"]
[PlyCount "53"]
[EventDate "2008.02.15"]
[SourceDate "1999.07.01"]

1. d4 Nf6 2. c4 e6 3. Nf3 b6 4. g3 Ba6 5. Qc2 Bb7 6. Bg2 c5 7. d5 exd5 8. cxd5
Nxd5 9. O-O Be7 10. Qe4 Bc6 11. Ne5 Nf6 12. Nxc6 Nxc6 13. Qa4 O-O 14. Rd1 Nd4
15. Nc3 b5 16. Qa6 b4 17. Nd5 Nxd5 18. Bxd5 Rb8 19. Bf4 Qb6 20. Qc4 d6 21. e3
Nb5 22. g4 Nc7 23. Be4 g6 24. Rd2 Rbd8 25. Qe2 d5 26. Bxc7 Qxc7 27. Rxd5
1/2-1/2

[Event "Aeroflot Open"]
[Site "Moscow RUS"]
[Date "2008.02.19"]
[Round "6"]
[White "Frolyanov, D."]
[Black "Azarov, S."]
[Result "1/2-1/2"]
[WhiteElo "2544"]
[BlackElo "2594"]
[PlyCount "33"]
[EventDate "2008.02.14"]
[SourceDate "1999.07.01"]

1. d4 Nf6 2. c4 e6 3. Nf3 b6 4. g3 Ba6 5. b3 Bb4+ 6. Bd2 Be7 7. Bg2 c6 8. Bc3
d5 9. Ne5 Nfd7 10. Nxd7 Nxd7 11. Nd2 O-O 12. O-O Nf6 13. e4 dxe4 14. Nxe4 b5
15. Nd2 Rc8 16. Re1 c5 17. dxc5 1/2-1/2

[Event "XXIV Open"]
[Site "Cappelle La Grande FRA"]
[Date "2008.02.19"]
[Round "5"]
[White "Kanep, M."]
[Black "Gulko, B."]
[Result "1/2-1/2"]
[WhiteElo "2523"]
[BlackElo "2550"]
[PlyCount "27"]
[EventDate "2008.02.16"]
[SourceDate "1999.07.01"]

1. d4 e6 2. Nf3 Nf6 3. c4 b6 4. g3 Bb7 5. Bg2 Be7 6. Nc3 O-O 7. Qc2 Na6 8. O-O
c5 9. d5 exd5 10. Nh4 Nc7 11. Rd1 d6 12. Nf5 Rb8 13. cxd5 Bc8 14. Nxe7+ 1/2-1/2

[Event "1st Pfalz Open"]
[Site "Neustadt a.d. Weinstrasse GER"]
[Date "2008.02.19"]
[Round "5"]
[White "Khenkin, I."]
[Black "Epishin, V."]
[Result "1/2-1/2"]
[WhiteElo "2602"]
[BlackElo "2577"]
[PlyCount "81"]
[EventDate "2008.02.16"]
[SourceDate "1999.07.01"]

1. d4 Nf6 2. c4 e6 3. Nf3 b6 4. g3 Bb4+ 5. Bd2 Qe7 6. Bg2 Bb7 7. O-O Bxd2 8.
Qxd2 d6 9. Nc3 Ne4 10. Nxe4 Bxe4 11. d5 Nd7 12. dxe6 fxe6 13. Bh3 h6 14. Nd4 e5
15. Nb5 Nf6 16. Nc3 Rd8 17. Nxe4 Nxe4 18. Qc2 Ng5 19. Qa4+ Kf7 20. Bg2 g6 21.
Qxa7 Kg7 22. Qa3 h5 23. Qc3 Kh7 24. b4 h4 25. a4 h3 26. Bd5 Rhf8 27. f4 Nf7 28.
a5 bxa5 29. bxa5 Nh6 30. a6 c6 31. Bxc6 Qa7+ 32. Kh1 Ng4 33. Qf3 Ne3 34. Rfb1
Rf7 35. Rb7 Rxb7 36. Bxb7 Rf8 37. Qc6 Qd4 38. Qd7+ Kg8 39. Rg1 Nd1 40. Rf1 Nf2+
41. Kg1 1/2-1/2

[Event "79th ch-GER"]
[Site "Bad Woerishofen GER"]
[Date "2008.02.18"]
[Round "4"]
[White "Fridman, D2."]
[Black "Bischoff, K."]
[Result "1/2-1/2"]
[WhiteElo "2627"]
[BlackElo "2537"]
[PlyCount "30"]
[EventDate "2008.02.15"]
[SourceDate "1999.07.01"]

1. d4 e6 2. c4 Nf6 3. Nf3 b6 4. g3 Bb4+ 5. Bd2 Bxd2+ 6. Qxd2 Ba6 7. Qc2 Bb7 8.
Bg2 c5 9. dxc5 bxc5 10. O-O O-O 11. Nc3 Nc6 12. Rfd1 Qe7 13. Rac1 Rfd8 14. e3
d6 15. b3 h6 1/2-1/2

[Event "79th ch-GER"]
[Site "Bad Woerishofen GER"]
[Date "2008.02.22"]
[Round "8"]
[White "Gustafsson, J."]
[Black "Bischoff, K."]
[Result "1/2-1/2"]
[WhiteElo "2607"]
[BlackElo "2537"]
[PlyCount "35"]
[EventDate "2008.02.15"]
[SourceDate "1999.07.01"]

1. d4 e6 2. c4 Nf6 3. Nf3 b6 4. g3 Bb4+ 5. Bd2 Be7 6. Bg2 c6 7. O-O d5 8. Bf4
O-O 9. Nc3 Bb7 10. Qb3 Nbd7 11. Rac1 a6 12. c5 Ra7 13. cxb6 Qxb6 14. Nd2 a5 15.
Na4 Qb5 16. Rfe1 h6 17. Bf1 g5 18. Be3 1/2-1/2

[Event "Aeroflot Open"]
[Site "Moscow RUS"]
[Date "2008.02.14"]
[Round "1"]
[White "Laznicka, V."]
[Black "Pavlovic, Milos"]
[Result "1/2-1/2"]
[WhiteElo "2595"]
[BlackElo "2522"]
[PlyCount "69"]
[EventDate "2008.02.14"]
[SourceDate "1999.07.01"]

1. d4 Nf6 2. Nf3 e6 3. c4 b6 4. g3 Ba6 5. b3 Bb4+ 6. Bd2 Be7 7. Bg2 c6 8. Bc3
d5 9. Ne5 Nfd7 10. Nxd7 Nxd7 11. Nd2 O-O 12. O-O Rc8 13. Re1 c5 14. cxd5 exd5
15. a3 Nf6 16. b4 cxd4 17. Bxd4 Qd7 18. Qb3 Rfd8 19. Qb2 Qa4 20. Rac1 Rxc1 21.
Rxc1 Qd7 22. Nf1 Bc4 23. Ne3 b5 24. Rd1 a6 25. Qc2 Qe6 26. Nf5 Bf8 27. Bxf6
Qxf6 28. Ne3 Qe6 29. Nxc4 bxc4 30. Rd4 a5 31. Qd2 axb4 32. axb4 Qc6 33. Rxd5
Rxd5 34. Bxd5 c3 35. Bxc6 1/2-1/2

[Event "Aeroflot Open"]
[Site "Moscow RUS"]
[Date "2008.02.17"]
[Round "4"]
[White "Khalifman, A."]
[Black "Olafsson, H1."]
[Result "1-0"]
[WhiteElo "2638"]
[BlackElo "2531"]
[PlyCount "81"]
[EventDate "2008.02.14"]
[SourceDate "1999.07.01"]

1. d4 Nf6 2. c4 e6 3. Nf3 b6 4. g3 Ba6 5. Qc2 Bb7 6. Bg2 c5 7. d5 exd5 8. cxd5
Nxd5 9. O-O Be7 10. Rd1 Qc8 11. Qf5 Nf6 12. Nc3 O-O 13. Bg5 d6 14. Qxc8 Rxc8
15. Nb5 Nbd7 16. Nxd6 Bxd6 17. Rxd6 h6 18. Be3 Nf8 19. Nh4 Bxg2 20. Kxg2 Ne6
21. Nf5 Rd8 22. Rad1 Kf8 23. Rxd8+ Rxd8 24. Rxd8+ Nxd8 25. Bf4 Ne6 26. Bd6+ Kg8
27. Ne7+ Kh7 28. Nc8 Nd4 29. Be5 Nxe2 30. Bxf6 gxf6 31. Nxa7 c4 32. Nb5 Nc1 33.
Nd6 Nxa2 34. Nxc4 b5 35. Nd6 b4 36. Kf3 Kg6 37. Ke4 Nc1 38. f4 h5 39. f5+ Kg5
40. Nxf7+ Kg4 41. Nh6+ 1-0

[Event "Aeroflot Open"]
[Site "Moscow RUS"]
[Date "2008.02.18"]
[Round "5"]
[White "Riazantsev, A."]
[Black "Pavlovic, Milos"]
[Result "1/2-1/2"]
[WhiteElo "2628"]
[BlackElo "2522"]
[PlyCount "61"]
[EventDate "2008.02.14"]
[SourceDate "1999.07.01"]

1. d4 Nf6 2. c4 e6 3. Nf3 b6 4. g3 Ba6 5. Qb3 Nc6 6. Nbd2 Na5 7. Qc3 c5 8. dxc5
bxc5 9. e4 Bb7 10. e5 Ne4 11. Nxe4 Bxe4 12. Bg2 Nc6 13. O-O Rb8 14. b3 Be7 15.
Re1 Bxf3 16. Qxf3 Nd4 17. Qg4 g6 18. Qe4 O-O 19. Bb2 Qa5 20. Red1 Rfd8 21. Rd3
Bf8 22. Bc3 Qc7 23. Bxd4 cxd4 24. Rxd4 Bc5 25. Rd3 d6 26. exd6 Rxd6 27. Rad1
Rbd8 28. Bf3 Rxd3 29. Rxd3 Rxd3 30. Qxd3 Qa5 31. Qe2 1/2-1/2

[Event "4th Open A"]
[Site "Moscow RUS"]
[Date "2008.02.06"]
[Round "5"]
[White "Vorobiov, E."]
[Black "Tiviakov, S."]
[Result "1/2-1/2"]
[WhiteElo "2537"]
[BlackElo "2649"]
[PlyCount "58"]
[EventDate "2008.02.02"]
[SourceDate "1999.07.01"]

1. d4 Nf6 2. c4 e6 3. Nf3 b6 4. a3 Bb7 5. Nc3 g6 6. Qd3 d5 7. cxd5 exd5 8. Bg5
Be7 9. g3 O-O 10. Bg2 Ne4 11. Bxe7 Qxe7 12. O-O Nd7 13. e3 a5 14. Qc2 f5 15.
Rac1 c6 16. Rfe1 Rf7 17. Nd2 Re8 18. f3 Nxd2 19. Qxd2 Qg5 20. Nd1 Qf6 21. Nf2
c5 22. dxc5 Nxc5 23. Rcd1 Kg7 24. f4 Rfe7 25. g4 h6 26. gxf5 gxf5 27. b4 axb4
28. axb4 Ne6 29. Nh1 Kh7 1/2-1/2

[Event "4th Open A"]
[Site "Moscow RUS"]
[Date "2008.02.09"]
[Round "8"]
[White "Svetushkin, D."]
[Black "Miroshnichenko, E."]
[Result "1/2-1/2"]
[WhiteElo "2565"]
[BlackElo "2647"]
[PlyCount "79"]
[EventDate "2008.02.02"]
[SourceDate "1999.07.01"]

1. d4 Nf6 2. c4 e6 3. Nf3 b6 4. Nc3 Bb7 5. Bg5 Be7 6. Qc2 c5 7. dxc5 bxc5 8. e3
d6 9. Be2 h6 10. Bh4 Nbd7 11. h3 Qb6 12. Rd1 a6 13. O-O O-O 14. Rd2 Rfd8 15.
Rfd1 Nf8 16. Ne1 Rd7 17. Bf3 Rad8 18. Bxb7 Qxb7 19. Nf3 Ng6 20. Bg3 Qb4 21. b3
d5 22. cxd5 exd5 23. Ne5 Nxe5 24. Bxe5 d4 25. Bxf6 Bxf6 26. Ne4 Be7 27. Ng3 Bd6
28. Nf5 g6 29. Nxd6 Rxd6 30. e4 d3 31. Rxd3 Rxd3 32. Rxd3 Qe1+ 33. Kh2 Rxd3 34.
Qxd3 Qxf2 35. Qxa6 Qf4+ 36. Kg1 Qe3+ 37. Kf1 Qf4+ 38. Ke1 Qg3+ 39. Kf1 Qf4+ 40.
Ke1 1/2-1/2

[Event "4th Open A"]
[Site "Moscow RUS"]
[Date "2008.02.09"]
[Round "8"]
[White "Rychagov, A."]
[Black "Riazantsev, A."]
[Result "0-1"]
[WhiteElo "2551"]
[BlackElo "2628"]
[PlyCount "82"]
[EventDate "2008.02.02"]
[SourceDate "1999.07.01"]

1. d4 Nf6 2. c4 e6 3. Nf3 b6 4. g3 Ba6 5. b3 Bb4+ 6. Bd2 Be7 7. Bg2 c6 8. O-O
d5 9. Ne5 Nfd7 10. Nxd7 Nxd7 11. Bc3 O-O 12. Nd2 Nf6 13. e4 b5 14. Re1 dxe4 15.
Qc2 Rc8 16. Rad1 Nd5 17. Bb2 f5 18. cxd5 cxd5 19. Qb1 b4 20. Nf1 Qb6 21. Rc1
Bd3 22. Qa1 Rce8 23. Red1 Bb5 24. a4 Ba6 25. Rc2 f4 26. Rdc1 Bg5 27. Rc6 Qb7
28. R1c5 e3 29. Qe1 fxg3 30. fxe3 Bxf1 31. Bxf1 Rf2 32. Rc7 Qb8 33. Bc1 Bd8 34.
Rc8 gxh2+ 35. Kxf2 h1=Q 36. Rxb8 Qh2+ 37. Bg2 Bh4+ 38. Ke2 Qxg2+ 39. Kd1 Bxe1
40. Rxe8+ Kf7 41. Ra8 Bc3 0-1

[Event "Bundesliga 2007-8"]
[Site "Zehlendorf GER"]
[Date "2008.02.10"]
[Round "9"]
[White "Khenkin, I."]
[Black "Socko, B."]
[Result "1-0"]
[WhiteElo "2602"]
[BlackElo "2635"]
[PlyCount "81"]
[EventDate "2008.02.09"]
[SourceDate "1999.07.01"]

1. d4 Nf6 2. c4 e6 3. Nf3 b6 4. g3 Ba6 5. Qc2 Bb4+ 6. Bd2 Be7 7. e4 Bb7 8. Nc3
d5 9. cxd5 exd5 10. e5 Ne4 11. Be3 Nxc3 12. bxc3 Qd7 13. h4 Qc6 14. Ng5 h6 15.
Nh3 Ba6 16. Nf4 Bxf1 17. Kxf1 Qc4+ 18. Kg2 Nc6 19. Qf5 g6 20. Qh3 Rg8 21. Rhe1
g5 22. hxg5 hxg5 23. e6 gxf4 24. exf7+ Kxf7 25. Bxf4 Raf8 26. Re3 Bf6 27. Qe6+
Kg7 28. Qg4+ Kf7 29. Qe6+ Kg7 30. Rh1 Rh8 31. Qg4+ Kf7 32. Qe6+ Kg7 33. Qg4+
Kf7 34. Bh6 Ne7 35. Qe6+ Ke8 36. Qc8+ Kf7 37. Qe6+ Ke8 38. Bxf8 Rxh1 39. Bxe7
Qf1+ 40. Kf3 Qd1+ 41. Kf4 1-0

[Event "Bundesliga 2007-8"]
[Site "Erfurt GER"]
[Date "2008.02.10"]
[Round "9"]
[White "Fridman, D2."]
[Black "Baklan, V."]
[Result "1/2-1/2"]
[WhiteElo "2627"]
[BlackElo "2647"]
[PlyCount "83"]
[EventDate "2008.02.09"]
[SourceDate "1999.07.01"]

1. d4 Nf6 2. c4 e6 3. Nf3 b6 4. g3 Ba6 5. b3 Bb7 6. Bg2 Bb4+ 7. Bd2 a5 8. O-O
O-O 9. a3 Bxd2 10. Qxd2 d6 11. Nc3 Ne4 12. Nxe4 Bxe4 13. Qe3 d5 14. Ne5 Bxg2
15. Kxg2 f6 16. Nd3 Re8 17. cxd5 Qxd5+ 18. Qf3 Qxf3+ 19. Kxf3 Nc6 20. e3 e5 21.
dxe5 Nxe5+ 22. Nxe5 Rxe5 23. Rfd1 Rc5 24. Rd7 Kf8 25. Rad1 Re8 26. R1d3 Re7 27.
R7d4 Ree5 28. g4 h5 29. h3 hxg4+ 30. hxg4 Rc2 31. Rd7 Re7 32. R7d5 Re6 33. Kg3
Rb2 34. Rc3 Rd6 35. Rxd6 cxd6 36. e4 g5 37. a4 Ke7 38. Kf3 Ke6 39. Ke3 Ke5 40.
Rd3 Ke6 41. Rc3 Ke5 42. Rd3 1/2-1/2

[Event "Bundesliga 2007-8"]
[Site "Godesberg GER"]
[Date "2008.02.10"]
[Round "9"]
[White "Fressinet, L."]
[Black "Lutz, Ch"]
[Result "1-0"]
[WhiteElo "2656"]
[BlackElo "2588"]
[PlyCount "141"]
[EventDate "2008.02.09"]
[SourceDate "1999.07.01"]

1. d4 Nf6 2. c4 e6 3. Nf3 b6 4. g3 Ba6 5. Qc2 c5 6. d5 exd5 7. cxd5 Bb7 8. Bg2
Nxd5 9. O-O Be7 10. Rd1 Qc8 11. Nh4 Bxh4 12. Rxd5 Be7 13. Nc3 Nc6 14. Qe4 O-O
15. Rh5 f5 16. Rxf5 Rxf5 17. Qxf5 Nd4 18. Bd5+ Bxd5 19. Qxd5+ Kh8 20. Bf4 Qg8
21. Qxd7 Bf6 22. Qb7 Rd8 23. Kh1 Qe8 24. Rd1 Nxe2 25. Rxd8 Bxd8 26. Nxe2 Qxe2
27. Kg2 h6 28. Qa8 Qe7 29. Kf3 Qd7 30. b3 Kh7 31. Qe4+ g6 32. Be5 h5 33. Bc3
Qf7+ 34. Qf4 Kg8 35. Ke4 Qe6+ 36. Kd3 Qd5+ 37. Ke2 Qe6+ 38. Kf1 Qf5 39. Qd6
Qb1+ 40. Be1 Bg5 41. Qb8+ Kh7 42. Qxa7+ Kh6 43. Qa8 Bf6 44. Qf3 Kg7 45. a4 Bd4
46. h4 Kh8 47. Ke2 Qc2+ 48. Bd2 Kg7 49. Qb7+ Kh8 50. Qc8+ Kg7 51. Qd7+ Kh8 52.
Qe8+ Kg7 53. Qe7+ Kh8 54. Qf8+ Kh7 55. Qf7+ Kh8 56. f3 Bg7 57. Qc4 Qb2 58. Qd3
Kh7 59. f4 Bf6 60. g4 hxg4 61. h5 Kg7 62. hxg6 Qd4 63. f5 g3 64. Qxd4 Bxd4 65.
Kf3 Kf6 66. Bh6 Kxf5 67. g7 Bxg7 68. Bxg7 Ke6 69. Kxg3 Kd5 70. Kf3 c4 71. b4
1-0

[Event "6th Gibtelecom Masters"]
[Site "Gibraltar ENG"]
[Date "2008.01.29"]
[Round "8"]
[White "Malakhatko, V."]
[Black "Wang Yue"]
[Result "1/2-1/2"]
[WhiteElo "2600"]
[BlackElo "2698"]
[PlyCount "66"]
[EventDate "2008.01.22"]
[SourceDate "1999.07.01"]

1. d4 Nf6 2. c4 e6 3. Nf3 b6 4. g3 Ba6 5. b3 Bb4+ 6. Bd2 Be7 7. Nc3 c6 8. e4 d5
9. Qc2 dxe4 10. Nxe4 Bb7 11. Bc3 c5 12. Bd3 cxd4 13. Nxd4 Na6 14. Nxf6+ Bxf6
15. Be4 Bxe4 16. Qxe4 Nc5 17. Qc6+ Nd7 18. O-O-O Qc8 19. Kc2 Bxd4 20. Qxc8+
Rxc8 21. Rxd4 f6 22. Rhd1 Nb8 23. a4 Ke7 24. a5 Rhd8 25. axb6 axb6 26. Rxd8
Rxd8 27. Rxd8 Kxd8 28. f4 Kc7 29. Bd4 Kc6 30. g4 Nd7 31. Kd3 Nc5+ 32. Kc2 Ne4
33. Kd3 Nc5+ 1/2-1/2

[Event "6th Gibtelecom Masters"]
[Site "Gibraltar ENG"]
[Date "2008.01.31"]
[Round "10"]
[White "Malakhatko, V."]
[Black "Sulskis, S."]
[Result "1/2-1/2"]
[WhiteElo "2600"]
[BlackElo "2553"]
[PlyCount "141"]
[EventDate "2008.01.22"]
[SourceDate "1999.07.01"]

1. d4 Nf6 2. c4 e6 3. Nf3 b6 4. g3 Ba6 5. b3 Bb4+ 6. Bd2 Be7 7. Nc3 c6 8. e4 d5
9. Qc2 dxe4 10. Nxe4 c5 11. dxc5 Bb7 12. Bd3 Nbd7 13. Ke2 Nxc5 14. Nxc5 bxc5
15. Bc3 Qc7 16. Rhg1 O-O-O 17. Rad1 Kb8 18. Bxf6 Bxf3+ 19. Kxf3 gxf6 20. Kg2 f5
21. Be2 a6 22. Bf3 Ka7 23. a3 Rxd1 24. Rxd1 Rd8 25. Rxd8 Qxd8 26. Qc3 Bf6 27.
Qe3 Bd4 28. Qh6 Qh8 29. b4 Kb6 30. Qg5 Qe8 31. Qh4 Bb2 32. Qf4 Qd8 33. Qe3 Bd4
34. Qb3 Ka7 35. Qa4 Qc8 36. b5 Kb6 37. bxa6 Qxa6 38. Qe8 Ka5 39. Qxf7 Ka4 40.
Qxh7 Qxc4 41. Qb7 Kxa3 42. h4 Qc2 43. Qa6+ Kb4 44. Be2 Qe4+ 45. Kg1 Qb1+ 46.
Bf1 Qc2 47. Be2 Qb1+ 48. Bf1 Qc2 49. Qb5+ Ka3 50. Be2 e5 51. h5 f4 52. Kg2 fxg3
53. fxg3 e4 54. h6 Qc1 55. Qa6+ Kb3 56. Kh3 Qg5 57. Bg4 Qc1 58. Be6+ Kb4 59.
Qb6+ Kc3 60. Qb3+ Kd2 61. Kg4 e3 62. Bc4 Qxc4 63. Qxc4 e2 64. Qa2+ Kd1 65. Kf3
e1=Q 66. Qb1+ Kd2 67. Qxe1+ Kxe1 68. Ke4 Kf2 69. g4 Be3 70. h7 Bd4 71. Kd5
1/2-1/2